000 01545cam a2200325Ii 4500
001 9780203721636
008 180706s2010 enkad ob 001 0 eng d
020 _a9780203721636
_q(e-book : PDF)
020 _a9781135134068
_q(e-book: PDF)
020 _a9781135134136
_q(e-book: ePub)
020 _a9781135134204
_q(e-book: Mobi)
020 _z9781843118800
_q(hardback)
024 7 _a10.4324/9780203721636
_2doi
040 _aKO
_beng
041 0 _aeng
082 0 4 _a387
_bH236
245 0 4 _aThe handbook of maritime economics and business /
_cedited by Costas Th. Grammenos.
250 _aSecond edition.
264 1 _aLondon :
_bLloyd's List,
_c2010.
300 _a1 online resource (xxix, 1062 pages)
504 _aIncludes bibliographical references and an index.
505 0 _apt. 1. Shipping economics and maritime nexus -- pt. 2. International seaborne trade -- pt. 3. Economics of shipping markets and shipping cycles -- pt. 4. Economics of shipping sectors -- pt. 5. Issues in liner shipping -- pt. 6. Pollution and vessel safety -- pt. 7. National and international shipping policies -- pt. 8. Aspects of shipping management and operations -- pt. 9. Shipping investment, finance, and strategy -- pt. 10. Port economics and management -- pt. 11. Aspects of international logistics.
650 0 _aShipping.
650 0 _aMerchant marine.
700 1 _aGrammenos, Costas Th.
856 4 0 _uhttps://www.taylorfrancis.com/books/9781135134068
_zClick here to view.
904 _aRUDRA_R
905 _aR_RANJAN
942 _cEB
999 _c2996
_d2996